| 000 | 00747nam a2200193 i 4500 | ||
|---|---|---|---|
| 001 | 81114 | ||
| 003 | ES-MaACL | ||
| 005 | 20230906174355.0 | ||
| 007 | t| | ||
| 008 | 041103s1932 sp ||||1| spa d | ||
| 100 | 1 |
_aHoyos Sáinz, Luis de, _d1868-1951 _964437 |
|
| 245 | 1 | 0 |
_aAntropología de los grupos sanguíneos _b: su estado actual y aplicaciones a España / _cpor Luis de Hoyos Sáinz. |
| 260 |
_aMadrid : _b[s.n., _c1932] ( _fHuelves y Cía.) |
||
| 300 |
_a58 p. ; _c25 cm. |
||
| 500 | _aXIII Congreso Asociación para el progreso de las Ciencias. Lisboa 1932. | ||
| 711 | 2 |
_aCongreso Asociación para el progreso de las Ciencias ( _n13º. _d1932. _cLisboa) _9286 |
|
| 852 |
_aES-MaACL _j1841-F-24 _bR.19955 |
||
| 999 |
_c81114 _d81114 |
||